| 000 | 01022nam a2200289 i 4500 | ||
|---|---|---|---|
| 001 | bg | ||
| 100 | 1 | _aSURAJ, Zbigniew | |
| 245 | 1 | 0 |
_aGRAF system graficznej konstrukcji i analizy sieci Petriego / _cZbigniew Suraj, Bogumił Komarek. |
| 260 |
_aWarszawa : _bAkademicka Oficyna Wydawnicza PLJ, _c1994. |
||
| 300 |
_a190 s. : _brys. ; _c24 cm + _edyskietka. |
||
| 490 | 1 | _aProblemy Współczesnej Nauki. Teoria i Zastosowania / ed. serii Leonard Bolc. Informatyka | |
| 504 | _aBibliogr. s. 178-184. | ||
| 650 | 9 | _aSieci Petriego | |
| 650 | 9 | _aGRAF, |programy komputerowe | |
| 650 | 9 |
_aSieć komputerowa _xzagadnienia |
|
| 655 | _aPodręczniki | ||
| 700 | 1 | _aKOMAREK, Bogumił | |
| 700 | 1 |
_aBolc, Leonard. _eRed. |
|
| 830 | 0 |
_aProblemy Współczesnej Nauki. Teoria i Zastosowania (ed. serii Leonard Bolc). _pInformatyka |
|
| 020 | _a8371012101 | ||
| 040 | _cBPK | ||
| 041 | 0 | _apl | |
| 080 | _a519.71:681.322.06:681.324 | ||
| 920 | _a83-7101-210-1 | ||
| 942 | _cKS | ||
| 008 | s pl f |000 0 pol | ||
| 999 |
_c6777 _d6777 |
||
| 856 |
_uhttp://koha.tu.koszalin.pl/cgi-bin/koha/opac-detail.pl?biblionumber=6777 _yKatalog online BPK |
||